Je poľnohospodárstvo dôvodom environmentálnej migrácie?
Environmentálne aspekty vplývajúce na znižujúcu sa poľnohospodársku aktivitu a s tým spojenú migráciu vidieckeho obyvateľstva do miest. Klasifikácia daných vplyvov v kontexte internej a externej migrácie, a v kontexte Európskej únie a iných štátov, najmä rozvojových.
Guardado en:
| Autor principal: | |
|---|---|
| Formato: | Capítulo de libro |
| Lenguaje: | eslovaco |
| Materias: | |
| Etiquetas: |
Sin Etiquetas, Sea el primero en etiquetar este registro!
|
MARC
| LEADER | 00000nla a2200000 4500 | ||
|---|---|---|---|
| 001 | 0241217 | ||
| 005 | 20240502073926.9 | ||
| 041 | 0 | |a slo | |
| 044 | |a SK | ||
| 245 | 1 | 0 | |a Je poľnohospodárstvo dôvodom environmentálnej migrácie? |c Ľubica Harakaľová |
| 520 | |a Environmentálne aspekty vplývajúce na znižujúcu sa poľnohospodársku aktivitu a s tým spojenú migráciu vidieckeho obyvateľstva do miest. Klasifikácia daných vplyvov v kontexte internej a externej migrácie, a v kontexte Európskej únie a iných štátov, najmä rozvojových. | ||
| 610 | 2 | 0 | |a poľnohospodárstvo |
| 610 | 2 | 0 | |a vidiek |
| 610 | 2 | 0 | |a migrácia |
| 610 | 2 | 0 | |a rozvoj regionálny |
| 610 | 2 | 0 | |a rozvoj vidieka |
| 610 | 2 | 0 | |a environmentalistika |
| 610 | 2 | 0 | |a štruktúra obyvateľstva |
| 610 | 2 | 0 | |a štruktúra sídelná |
| 610 | 2 | 0 | |a Európska únia |
| 610 | 2 | 0 | |a krajiny rozvojové |
| 100 | 1 | |a Harakaľová, Ľubica, 1963- | |